| Tag |
First Indicator |
Second Indicator |
Subfields |
| LEADER |
00000cam a2200000 a 4500 |
| 001 |
in00002782680 |
| 006 |
m | d f |
| 007 |
cr m|||||a|||| |
| 008 |
100322s2009 dcu ob f000 0 eng c |
| 005 |
20220729165517.1 |
| 035 |
|
|
|a (OCoLC)ocn565686999
|
| 040 |
|
|
|a EU0
|b eng
|c EU0
|d EU0
|d OCLCQ
|d GPO
|d MvI
|
| 042 |
|
|
|a pcc
|
| 043 |
|
|
|a n-us---
|
| 049 |
|
|
|a WWW
|
| 074 |
|
|
|a 0780-A-16 (online)
|
| 086 |
0 |
|
|a L 37.27:2009-12
|
| 100 |
1 |
|
|a Lerman, Robert I.
|
| 245 |
1 |
4 |
|a The benefits and challenges of registered apprenticeship
|h [electronic resource] :
|b the sponsors' perspective /
|c Robert I. Lerman, Lauren Eyster, Kate Chambers.
|
| 260 |
|
|
|a [Washington, D.C. :
|b U.S. Dept. of Labor, Employment and Training Administration ;
|a Washington, D.C.] :
|b Urban Institute Center on Labor, Human Services, and Population,
|c [2009]
|
| 300 |
|
|
|a 1 online resource ([133] p.)
|
| 490 |
1 |
|
|a ETA occasional paper ;
|v 2009-12
|
| 500 |
|
|
|a "March 2009."
|
| 500 |
|
|
|a "Final report."
|
| 500 |
|
|
|a "This report has been funded, either wholly or in part, with Federal funds from the U.S. Department of Labor (USDOL), Employment and Training Administration (ETA), Office of Policy Development and Research (OPDR) under Contract Number DOLJ61A20358."
|
| 500 |
|
|
|a ETA series statement supplied from external sources.
|
| 500 |
|
|
|a Title from title screen (viewed Feb. 25, 2010).
|
| 500 |
|
|
|a GPO Cataloging Record Distribution Program (CRDP).
|
| 504 |
|
|
|a Includes bibliographical references.
|
| 650 |
|
0 |
|a Apprenticeship programs
|z United States
|x Evaluation.
|
| 650 |
|
0 |
|a Employees
|x Training of
|z United States
|x Evaluation.
|
| 650 |
|
0 |
|a Occupational training
|z United States
|
| 700 |
1 |
|
|a Eyster, Lauren.
|
| 700 |
1 |
|
|a Chambers, Kate.
|
| 710 |
2 |
|
|a Center on Labor, Human Services, and Population.
|
| 710 |
1 |
|
|a United States.
|b Employment and Training Administration.
|
| 830 |
|
0 |
|a ETA occasional paper ;
|v 2009-12.
|
| 856 |
4 |
0 |
|u https://purl.fdlp.gov/GPO/gpo31664
|t 0
|
| 999 |
f |
f |
|s 98fe9f31-a8c7-4567-acfc-456826a9a5ce
|i 1d611df6-47fa-3274-812e-b89a45bdb03c
|t 0
|
| 952 |
f |
f |
|a Texas A&M University
|b College Station
|c Electronic Resources
|d Available Online
|t 0
|e L 37.27:2009-12
|h Superintendent of Documents classification
|
| 998 |
f |
f |
|a L 37.27:2009-12
|t 0
|l Available Online
|